书目信息 |
| 题名: |
刚果
|
|
| 作者: | 张象 , 车效梅 编著 | |
| 分册: | ||
| 出版信息: | 北京 社会科学文献出版社 2005 |
|
| 页数: | 294页 | |
| 开本: | 21cm | |
| 丛书名: | 列国志 | |
| 单 册: | ||
| 中图分类: | K464 | |
| 科图分类: | ||
| 主题词: | 中非--历史 | |
| 电子资源: | ||
| ISBN: | 7-80190-399-4 | |
| 000 | 01224nam0 2200373 450 | |
| 000 | 01187nam0 2200361 450 | |
| 000 | 01164nam0 2200361 450 | |
| 000 | 01110nam0 2200337 450 | |
| 000 | 01128nam0 2200325 450 | |
| 000 | 01091nam0 2200313 45 | |
| 001 | TS-176965 | |
| 005 | 20070113084935.71 | |
| 010 | @a7-80190-399-4@dCNY24.00 | |
| 100 | @a20060829d2005 em y0chiy0110 ea | |
| 101 | 0 | @achi |
| 102 | @aCN@b110000 | |
| 105 | @aab z 000yy | |
| 200 | 1 | @a刚果@AGang Guo@f张象,车效梅编著@FZhang Xiang, Che Xiao Mei Bian Zhu |
| 210 | @a北京@c社会科学文献出版社@d2005 | |
| 215 | @a294页@c地图,彩照@d21cm | |
| 225 | 2 | @a列国志 |
| 300 | @a中国社会科学院重大课题 国家“十五”重点出版项目 | |
| 330 | @a本书分七章,介绍了了刚果的国土与人民、历史、政治、经济、军事、外交等内容。 | |
| 410 | 0 | @12001 @a列国志 |
| 510 | 1 | @aGonGo@zeng |
| 606 | 0 | @a中非@x历史 |
| 607 | @a刚果@x概况 | |
| 690 | @aK464@v4 | |
| 701 | 0 | @a张象@AZhang Xiang@f(1934~)@4编著 |
| 701 | 0 | @a车效梅@AChe Xiao Mei@c(女,@f1964~)@4编著 |
| 801 | 0 | @aCN@b中图数据@c20070113 |
| 905 | @a10447@dK464@e4 | |
| 刚果/张象,车效梅编著.-北京:社会科学文献出版社,2005 |
| 294页:地图,彩照;21cm.-(列国志) |
| 中国社会科学院重大课题 国家“十五”重点出版项目 |
| ISBN 7-80190-399-4:CNY24.00 |
| 本书分七章,介绍了了刚果的国土与人民、历史、政治、经济、军事、外交等内容。 |
| ● |
| 相关链接 |
|
|
|
|
正题名:刚果
索取号:K464/4
 
预约/预借
| 序号 | 登录号 | 条形码 | 馆藏地/架位号 | 状态 | 备注 |
| 1 | 0616713 | 206167137 | 第二样本阅览室/ [索取号:K464/4] | 在馆 | |
| 2 | 0616714 | 206167146 | 第二借阅区/ [索取号:K464/4] | 在馆 | |
| 3 | 0616715 | 206167155 | 第二借阅区/ [索取号:K464/4] | 在馆 | |
| 4 | 0616716 | 206167164 | 第二借阅区/ [索取号:K464/4] | 在馆 | |
| 5 | 0616717 | 206167173 | 第二借阅区/ [索取号:K464/4] | 在馆 |